[Event "Dhaka Walton op"]
[Site "Dhaka"]
[Date "2022.04.09"]
[Round "6"]
[White "Shawkat, Ali Sheikh"]
[Black "Gazi Salah, Uddin"]
[Result "0-1"]
[WhiteElo "1728"]
[BlackElo "2000"]
[PlyCount "67"]
[EventDate "2022.04.04"]
[EventType "swiss"]
[EventRounds "9"]
[EventCountry "BAN"]
[SourceTitle "CBM 207 Extra"]
[Source "ChessBase"]
[SourceDate "2022.05.31"]
[SourceVersion "1"]
[SourceVersionDate "2022.05.31"]
[SourceQuality "1"]

1. e4 c5 2. Nf3 e6 3. d4 cxd4 4. Nxd4 a6 5. Bd3 Qc7 6. Nc3 Nf6 7. h3 b5 8. Be3 Bb7 9. Qf3 d6 10. a3 Nbd7 11. 0-0 Ne5 12. Qe2 Be7 13. Rfd1 0-0 14. f4 Nc4 15. Bxc4 bxc4 16. Bf2 Rab8 17. Rab1 Ba8 18. Nf3 Rfd8 19. Bd4 Qc6 20. Nd2 Rbc8 21. b4 cxb3 22. cxb3 e5 23. fxe5 dxe5 24. Bxe5 Qc5+ 25. Kh1 Qxe5 26. Na4 Nxe4 27. Nxe4 Qxe4 28. Qxe4 Bxe4 29. Rxd8+ Rxd8 30. Re1 f5 31. Nc3 Rd4 32. b4 Bg5 33. Nxe4 fxe4 34. Rb1 0-1

[Event "BAN-chT 1st League"]
[Site "Dhaka"]
[Date "2021.03.02"]
[Round "6.4"]
[White "Md, Sharif Hossain"]
[Black "Shawkat, Ali Sheikh"]
[Result "1-0"]
[WhiteElo "2117"]
[BlackElo "1832"]
[PlyCount "79"]
[EventDate "2021.02.25"]
[EventType "team-tourn"]
[EventRounds "11"]
[EventCountry "BAN"]
[SourceTitle "EXT 2022"]
[Source "ChessBase"]
[SourceDate "2021.10.06"]
[SourceVersion "1"]
[SourceVersionDate "2021.10.06"]
[SourceQuality "1"]
[WhiteTeam "Manha's Castle"]
[BlackTeam "Kasparov CC"]
[WhiteTeamCountry "BAN"]
[BlackTeamCountry "BAN"]

1. e4 e5 2. Nf3 Nc6 3. d4 exd4 4. Nxd4 Nxd4 5. Qxd4 d6 6. Bf4 Be6 7. Nc3 Ne7 8. 0-0-0 Nc6 9. Bb5 f6 10. e5 dxe5 11. Bxe5 Qxd4 12. Bxd4 Kf7 13. Be3 Bd6 14. Ne4 Rhd8 15. Nxd6+ cxd6 16. Rd2 d5 17. Rhd1 a6 18. Ba4 b5 19. Bb3 Na5 20. Bxd5 Rxd5 21. Rxd5 Bxd5 22. Rxd5 Ke6 23. Rh5 h6 24. b3 Nb7 25. Kb2 Nd6 26. Rc5 Rc8 27. Rxc8 Nxc8 28. Bc5 h5 29. Kc3 Kd5 30. b4 g6 31. Kd3 a5 32. a3 axb4 33. axb4 g5 34. h3 f5 35. g3 g4 36. h4 Ke5 37. c4 bxc4+ 38. Kxc4 f4 39. b5 fxg3 40. fxg3 1-0